00747nam a2200217Ia 4500003000900000008004100009020001800050040001600068080001700084245007500101260005000176300001500226650004100241650003200282650002100314700003700335700003400372942000700406999001500413952010100428IN-BaIIA211028s9999 xx 000 0 eng d a0-88318-162-2 cIIA Library a524.352bSUP 0aSupernovae spectracedited by Roland Meyerott and George H. Gillespie. aNew YorkbAmerican Institute of Physicsc1980 avii, 173p. aAstronomy and astrophysics thesaurus aSpectra - supernovae911785 aSupernovae91357 aGillespie, George H., ed.911786 aMeyerott, Roland., ed.911787 cBK c6879d6879 00104070aBANbBANcGENd1981-10-15l0o524.352/ SUPp7645r2021-11-05w1981-10-15yBK 20.25